La Vall de la riera de Pineda : Parc del Montnegre i el Corredor Parc del Montnegre i el Corredor
Publicado:
Barcelona :
Diputació de Barcelona. Àrea de Territori i Sostenibilitat. Gerència de Serveis d'Espais Naturals ,
2012
Descripción Física:
1 f. plegat en 4 parts : il. col. ; 21 cm
Colección:
Excursions senyalitzades
MARC
| LEADER | 00000nam a2200000Ia 4500 | ||
|---|---|---|---|
| 001 | 23814 | ||
| 008 | 160829s2012 xx 000 0 cat d | ||
| 080 | |a FU-62-48 | ||
| 245 | |a La Vall de la riera de Pineda : |b Parc del Montnegre i el Corredor | ||
| 260 | |a Barcelona : |b Diputació de Barcelona. Àrea de Territori i Sostenibilitat. Gerència de Serveis d'Espais Naturals, |c 2012 | ||
| 300 | |a 1 f. plegat en 4 parts : |b il. col. ; |c 21 cm | ||
| 490 | |a Excursions senyalitzades | ||
| 590 | |a Text en català. Hi ha un altre exemplar en castellà amb R. 23753 | ||
| 610 | 0 | |a Parc del Montnegre i el Corredor (Catalunya) |v Guies |9 52679 | |
| 710 | 1 | |a Barcelona (Catalunya : Província). |b Xarxa de Parcs Naturals |9 7250 | |
| 710 | 1 | |a Barcelona (Catalunya : Província). |b Gerència de Serveis d’Espais Naturals |9 52730 | |
| 901 | |a Arxiu | ||
| 942 | |n 1 | ||
| 952 | |0 0 |1 0 |4 0 |6 FU6248 |7 1 |9 55743 |a Arxiu |b Arxiu |d 2016-12-01 |l 0 |o FU-62-48 |p 23814 |r 2016-12-01 00:00:00 |w 2016-12-01 |y ARXIU | ||
| 999 | |c 59616 |d 59616 | ||